MARC

LEADER 00000nam0a2200000 4500
001 40005
005 20231031012006.0
035 |a (RuTPU)RU\TPU\book\40911 
090 |a 40005 
100 |a 20020416d1981 k y0rusy50 ca 
101 0 |a rus 
102 |a RU 
105 |a a z 001zy 
200 1 |a Планирование эксперимента в задачах нелинейного оценивания и распознавания образов  |f Г. К. Круг, В. А. Кабанов, Г. А. Фомин, Е. С. Фомина  |g отв. ред. В. Г. Горский 
210 |a Москва  |c Наука  |d 1981 
215 |a 169 с.  |c граф. 
320 |a Библиогр.: с. 163-168 
610 1 |a математика 
610 1 |a распознавание образов 
610 1 |a планирование эксперимента 
610 1 |a нелинейное оценивание 
610 1 |a экспериментальные исследования 
675 |a 519.242  |v 3 
701 1 |a Круг  |b Г. К.  |g Герман Карлович 
701 1 |a Кабанов  |b В. А. 
701 1 |a Фомин  |b Г. А.  |g Геннадий Александрович 
701 1 |a Фомина  |b Е. С.  |g Евгения Сергеевна 
702 1 |a Горский  |b В. Г.  |4 340 
801 1 |a RU  |b 63413507  |c 20020416  |g PSBO 
801 2 |a RU  |b 63413507  |c 20151211  |g PSBO 
900 |a Математические методы планирования и обработки результат 
942 |c BK